<?xml version="1.0" encoding="UTF-8"?>
<record
    xmlns:xsi="http://www.w3.org/2001/XMLSchema-instance"
    xsi:schemaLocation="http://www.loc.gov/MARC21/slim http://www.loc.gov/standards/marcxml/schema/MARC21slim.xsd"
    xmlns="http://www.loc.gov/MARC21/slim">

  <leader>01005nam a22001817a 4500</leader>
  <controlfield tag="008">110613t        xxu||||| |||| 00| 0 eng d</controlfield>
  <datafield tag="010" ind1=" " ind2=" ">
    <subfield code="a">SCCAF35</subfield>
  </datafield>
  <datafield tag="245" ind1=" " ind2=" ">
    <subfield code="a">Supreme Court Civil Application No. 12 OF 2008 (EXPARTE) G. Afaro Vs Uganda Breweries LTD</subfield>
  </datafield>
  <datafield tag="260" ind1=" " ind2=" ">
    <subfield code="c">2008</subfield>
  </datafield>
  <datafield tag="500" ind1=" " ind2=" ">
    <subfield code="a">Coram: G.M. Okello, JSC</subfield>
  </datafield>
  <datafield tag="500" ind1=" " ind2=" ">
    <subfield code="a">Arising from SCC Application No.11 of 2008; ASCCA No. 04/2008</subfield>
  </datafield>
  <datafield tag="999" ind1=" " ind2=" ">
    <subfield code="c">2811</subfield>
    <subfield code="d">2811</subfield>
  </datafield>
  <datafield tag="952" ind1=" " ind2=" ">
    <subfield code="0">0</subfield>
    <subfield code="1">0</subfield>
    <subfield code="2">ddc</subfield>
    <subfield code="4">0</subfield>
    <subfield code="6">SCCA_F_35</subfield>
    <subfield code="7">0</subfield>
    <subfield code="9">4270</subfield>
    <subfield code="a">MAIN</subfield>
    <subfield code="b">MAIN</subfield>
    <subfield code="c">LRP</subfield>
    <subfield code="d">2011-06-13</subfield>
    <subfield code="l">0</subfield>
    <subfield code="o">SCCA F_35</subfield>
    <subfield code="p">12/2008/1</subfield>
    <subfield code="r">2011-06-13 00:00:00</subfield>
    <subfield code="w">2011-06-13</subfield>
    <subfield code="y">URC</subfield>
  </datafield>
  <datafield tag="952" ind1=" " ind2=" ">
    <subfield code="0">0</subfield>
    <subfield code="1">0</subfield>
    <subfield code="2">ddc</subfield>
    <subfield code="4">0</subfield>
    <subfield code="6">SCCA_F_35</subfield>
    <subfield code="7">0</subfield>
    <subfield code="9">4271</subfield>
    <subfield code="a">MAIN</subfield>
    <subfield code="b">MAIN</subfield>
    <subfield code="c">LRP</subfield>
    <subfield code="d">2011-06-13</subfield>
    <subfield code="l">0</subfield>
    <subfield code="o">SCCA F_35</subfield>
    <subfield code="p">12/2008/2</subfield>
    <subfield code="r">2011-06-13 00:00:00</subfield>
    <subfield code="w">2011-06-13</subfield>
    <subfield code="y">URC</subfield>
  </datafield>
  <datafield tag="952" ind1=" " ind2=" ">
    <subfield code="0">0</subfield>
    <subfield code="1">0</subfield>
    <subfield code="2">ddc</subfield>
    <subfield code="4">0</subfield>
    <subfield code="6">SCCA_F_35</subfield>
    <subfield code="7">0</subfield>
    <subfield code="9">4272</subfield>
    <subfield code="a">MAIN</subfield>
    <subfield code="b">MAIN</subfield>
    <subfield code="c">LRP</subfield>
    <subfield code="d">2011-06-13</subfield>
    <subfield code="l">0</subfield>
    <subfield code="o">SCCA F_35</subfield>
    <subfield code="p">12/2008/3</subfield>
    <subfield code="r">2011-06-13 00:00:00</subfield>
    <subfield code="w">2011-06-13</subfield>
    <subfield code="y">URC</subfield>
  </datafield>
  <datafield tag="952" ind1=" " ind2=" ">
    <subfield code="0">0</subfield>
    <subfield code="1">0</subfield>
    <subfield code="2">ddc</subfield>
    <subfield code="4">0</subfield>
    <subfield code="6">SCCA_F_35</subfield>
    <subfield code="7">0</subfield>
    <subfield code="9">4273</subfield>
    <subfield code="a">MAIN</subfield>
    <subfield code="b">MAIN</subfield>
    <subfield code="c">LRP</subfield>
    <subfield code="d">2011-06-13</subfield>
    <subfield code="l">0</subfield>
    <subfield code="o">SCCA F_35</subfield>
    <subfield code="p">12/2008/4</subfield>
    <subfield code="r">2011-06-13 00:00:00</subfield>
    <subfield code="w">2011-06-13</subfield>
    <subfield code="y">URC</subfield>
  </datafield>
  <datafield tag="952" ind1=" " ind2=" ">
    <subfield code="0">0</subfield>
    <subfield code="1">0</subfield>
    <subfield code="2">ddc</subfield>
    <subfield code="4">0</subfield>
    <subfield code="6">SCCA_F_35</subfield>
    <subfield code="7">0</subfield>
    <subfield code="9">4274</subfield>
    <subfield code="a">MAIN</subfield>
    <subfield code="b">MAIN</subfield>
    <subfield code="c">LRP</subfield>
    <subfield code="d">2011-06-13</subfield>
    <subfield code="l">0</subfield>
    <subfield code="o">SCCA F_35</subfield>
    <subfield code="p">12/2008/5</subfield>
    <subfield code="r">2011-06-13 00:00:00</subfield>
    <subfield code="w">2011-06-13</subfield>
    <subfield code="y">URC</subfield>
  </datafield>
  <datafield tag="952" ind1=" " ind2=" ">
    <subfield code="0">0</subfield>
    <subfield code="1">0</subfield>
    <subfield code="2">ddc</subfield>
    <subfield code="4">0</subfield>
    <subfield code="6">SCCA_F_35</subfield>
    <subfield code="7">0</subfield>
    <subfield code="9">4275</subfield>
    <subfield code="a">MAIN</subfield>
    <subfield code="b">MAIN</subfield>
    <subfield code="c">LRP</subfield>
    <subfield code="d">2011-06-13</subfield>
    <subfield code="l">0</subfield>
    <subfield code="o">SCCA F_35</subfield>
    <subfield code="p">12/2008/6</subfield>
    <subfield code="r">2011-06-13 00:00:00</subfield>
    <subfield code="w">2011-06-13</subfield>
    <subfield code="y">URC</subfield>
  </datafield>
</record>
